[Event "11th Arad Open 2018"]
[Site "Arad"]
[Date "2018.08.06"]
[Round "3"]
[White "Gavrilescu, David"]
[Black "Trifan, Andrei Ioan"]
[Result "1/2-1/2"]
[WhiteElo "2468"]
[BlackElo "2308"]
[Annotator "ChessBase"]
[PlyCount "97"]
[EventDate "2018.08.05"]
[EventType "swiss"]
[EventCountry "ROU"]
[SourceTitle "playchess.com"]
[Source "ChessBase"]
[SourceQuality "1"]
[TimeControl "40/5400+30:1800+30"]

1. e4 {[%emt 0:00:00]} e5 {[%emt 0:00:12]} 2. Nf3 {[%emt 0:00:19]} Nc6 {[%emt 0:01:09]} 3. Bc4 {[%emt 0:00:34]} Bc5 {[%emt 0:00:34]} 4. c3 {[%emt 0:00:26]} Nf6 {[%emt 0:01:12]} 5. d3 {[%emt 0:00:37]} O-O {[%emt 0:01:02]} 6. O-O {[%emt 0:00:32]} d5 {[%emt 0:00:25]} 7. exd5 {[%emt 0:01:20]} Nxd5 {[%emt 0:00:10]} 8. Re1 {[%emt 0:00:54]} Bg4 {[%emt 0:01:03]} 9. Nbd2 {[%emt 0:01:37]} Nb6 {[%emt 0:02:29]} 10. b4 {[%emt 0:02:16]} Be7 {[%emt 0:12:27]} 11. h3 {[%emt 0:01:15]} Bh5 {[%emt 0:03:24]} 12. g4 {[%emt 0:01:34]} Bg6 {[%emt 0:02:16]} 13. b5 {[%emt 0:00:37]} Na5 {[%emt 0:13:54]} 14. Nxe5 {[%emt 0:00:56]} Bf6 {[%emt 0:10:35]} 15. Nxg6 {[%emt 0:03:05]} hxg6 {[%emt 0:00:18]} 16. Ne4 {[%emt 0:00:44]} Naxc4 {[%emt 0:02:26]} 17. dxc4 {[%emt 0:01:26]} Nxc4 {[%emt 0:05:30]} 18. Qf3 {[%emt 0:08:01]} Ne5 {[%emt 0:04:07]} 19. Qg3 {[%emt 0:08:38]} Qd3 {[%emt 0:02:32]} 20. Nxf6+ {[%emt 0:17:48]} gxf6 {[%emt 0:00:13]} 21. Qxd3 {[%emt 0:00:13]} Nxd3 {[%emt 0:00:08]} 22. Re7 {[%emt 0:00:26]} Rfe8 {[%emt 0:10:33]} 23. Rxe8+ {[%emt 0:02:47]} Rxe8 {[%emt 0:00:04]} 24. Be3 {[%emt 0:00:11]} Re5 {[%emt 0:05:47]} 25. a4 {[%emt 0:04:51]} a6 {[%emt 0:05:49]} 26. Rb1 {[%emt 0:10:23]} axb5 {[%emt 0:06:20]} 27. axb5 {[%emt 0:01:20]} f5 {[%emt 0:01:28]} 28. Rd1 {[%emt 0:03:48]} f4 {[%emt 0:00:56]} 29. Bd4 {[%emt 0:07:51]} Re1+ {[%emt 0:00:04]} 30. Rxe1 {[%emt 0:00:06]} Nxe1 {[%emt 0:00:05]} 31. Kf1 {[%emt 0:03:03]} Nf3 {[%emt 0:02:56]} 32. Bf6 {[%emt 0:02:44]} c6 {[%emt 0:01:10]} 33. bxc6 {[%emt 0:08:30]} bxc6 {[%emt 0:01:13]} 34. Ke2 {[%emt 0:03:37]} Ng1+ {[%emt 0:00:18]} 35. Kf1 {[%emt 0:00:12]} Nf3 {[%emt 0:00:16]} 36. Ke2 {[%emt 0:02:09]} Ng1+ {[%emt 0:00:07]} 37. Kd3 {[%emt 0:00:07]} Nxh3 {[%emt 0:02:10]} 38. f3 {[%emt 0:00:05]} Ng1 {[%emt 0:00:40]} 39. Ke4 {[%emt 0:00:36]} Ne2 {[%emt 0:00:07]} 40. c4 {[%emt 0:00:00]} Kf8 {[%emt 0:00:00]} 41. Ke5 {[%emt 0:23:22]} Ke8 {[%emt 0:20:44]} 42. Kd6 {[%emt 0:03:53]} Ng1 {[%emt 0:03:34]} 43. Bg5 {[%emt 0:00:32]} Nxf3 {[%emt 0:03:13]} 44. Bxf4 {[%emt 0:00:21]} g5 {[%emt 0:03:20]} 45. Be3 {[%emt 0:01:37]} Nh2 {[%emt 0:00:39]} 46. Bxg5 {[%emt 0:00:07]} Nxg4 {[%emt 0:00:16]} 47. c5 {[%emt 0:00:04]} Nf2 {[%emt 0:00:46]} 48. Kxc6 {[%emt 0:00:06]} Ne4 {[%emt 0:00:11]} 49. Bf4 {[%emt 0:00:10]} 1/2-1/2

[Event "11th Arad Open 2018"]
[Site "Arad"]
[Date "2018.08.06"]
[Round "3"]
[White "Miron, Lucian-Costin"]
[Black "Nastase, Robert-Paul"]
[Result "1-0"]
[WhiteElo "2460"]
[BlackElo "2299"]
[Annotator "ChessBase"]
[PlyCount "69"]
[EventDate "2018.08.05"]
[EventType "swiss"]
[EventCountry "ROU"]
[SourceTitle "playchess.com"]
[Source "ChessBase"]
[SourceQuality "1"]
[TimeControl "40/5400+30:1800+30"]

1. d4 {[%emt 0:00:57]} d5 {[%emt 0:00:00]} 2. c4 {[%emt 0:00:06]} e6 {[%emt 0:00:00]} 3. Nc3 {[%emt 0:00:06]} Bb4 {[%emt 0:00:05]} 4. cxd5 {[%emt 0:01:25]} exd5 {[%emt 0:00:06]} 5. Bf4 {[%emt 0:00:38]} c6 {[%emt 0:00:06]} 6. e3 {[%emt 0:00:08]} Ne7 {[%emt 0:00:04]} 7. h4 {[%emt 0:00:32]} Bd6 {[%emt 0:04:24]} 8. Qf3 {[%emt 0:01:03]} h5 {[%emt 0:00:09]} 9. Bd3 {[%emt 0:08:48]} Bf5 {[%emt 0:00:45]} 10. Bxd6 {[%emt 0:06:35]} Bxd3 {[%emt 0:00:08]} 11. Ba3 {[%emt 0:00:09]} Qd7 {[%emt 0:17:59]} 12. Qg3 {[%emt 0:13:44]} Bg6 {[%emt 0:28:15]} 13. Nge2 {[%emt 0:23:08]} Rh6 {[%emt 0:03:22]} 14. f3 {[%emt 0:12:19]} Na6 {[%emt 0:13:20]} 15. e4 {[%emt 0:01:47]} b5 {[%emt 0:04:05]} 16. Bxe7 {[%emt 0:10:39]} Qxe7 {[%emt 0:02:31]} 17. exd5 {[%emt 0:02:01]} b4 {[%emt 0:06:00]} 18. d6 {[%emt 0:09:59]} Qe6 {[%emt 0:00:09]} 19. Ne4 {[%emt 0:01:05]} Bxe4 {[%emt 0:00:34]} 20. fxe4 {[%emt 0:00:32]} Qxe4 {[%emt 0:01:52]} 21. Qxg7 {[%emt 0:02:33]} Re6 {[%emt 0:00:57]} 22. O-O {[%emt 0:01:02]} O-O-O {[%emt 0:01:36]} 23. Rf2 {[%emt 0:01:34]} Rd7 {[%emt 0:02:02]} 24. Ng3 {[%emt 0:00:30]} Qd5 {[%emt 0:01:33]} 25. Nf5 {[%emt 0:00:25]} Kb7 {[%emt 0:01:04]} 26. Qg5 {[%emt 0:00:39]} c5 {[%emt 0:00:35]} 27. dxc5 {[%emt 0:00:26]} Nxc5 {[%emt 0:00:11]} 28. Rd2 {[%emt 0:00:35]} Qe5 {[%emt 0:00:20]} 29. Qxh5 {[%emt 0:00:24]} Ne4 {[%emt 0:01:24]} 30. Qf3 {[%emt 0:00:13]} Kb8 {[%emt 0:00:57]} 31. Rd4 {[%emt 0:00:47]} Qc5 {[%emt 0:00:32]} 32. Kh1 {[%emt 0:00:21]} Qxf5 {[%emt 0:00:43]} 33. Rxb4+ {[%emt 0:00:38]} Rb7 {[%emt 0:02:59]} 34. d7 {[%emt 0:00:27]} Rd6 {[%emt 0:03:48]} 35. Qxe4 {[%emt 0:00:41]} 1-0

[Event "11th Arad Open 2018"]
[Site "Arad"]
[Date "2018.08.06"]
[Round "3"]
[White "Womacka, Mathias"]
[Black "Florescu, Codrut-Constantin"]
[Result "1/2-1/2"]
[WhiteElo "2450"]
[BlackElo "2295"]
[Annotator "ChessBase"]
[PlyCount "89"]
[EventDate "2018.08.05"]
[EventType "swiss"]
[EventCountry "ROU"]
[SourceTitle "playchess.com"]
[Source "ChessBase"]
[SourceQuality "1"]
[TimeControl "40/5400+30:1800+30"]

1. e4 {[%emt 0:00:00]} c5 {[%emt 0:03:01]} 2. Nf3 {[%emt 0:00:00]} e6 {[%emt 0:00:23]} 3. d4 {[%emt 0:00:00]} cxd4 {[%emt 0:00:05]} 4. Nxd4 {[%emt 0:00:00]} Nf6 {[%emt 0:00:07]} 5. Nc3 {[%emt 0:00:00]} d6 {[%emt 0:00:04]} 6. g4 {[%emt 0:01:24]} a6 {[%emt 0:00:05]} 7. g5 {[%emt 0:00:11]} Nfd7 {[%emt 0:00:07]} 8. Be3 {[%emt 0:00:42]} b5 {[%emt 0:00:04]} 9. a3 {[%emt 0:00:18]} Bb7 {[%emt 0:00:05]} 10. h4 {[%emt 0:00:36]} Nc6 {[%emt 0:00:10]} 11. Nxc6 {[%emt 0:01:00]} Bxc6 {[%emt 0:00:06]} 12. Qd4 {[%emt 0:00:10]} f5 {[%emt 0:01:12]} 13. f3 {[%emt 0:13:30]} f4 {[%emt 0:04:13]} 14. Bd2 {[%emt 0:07:33]} e5 {[%emt 0:01:35]} 15. Qg1 {[%emt 0:09:51]} Nb6 {[%emt 0:00:26]} 16. O-O-O {[%emt 0:10:43]} Be7 {[%emt 0:15:43]} 17. Be1 {[%emt 0:22:54]} Qb8 {[%emt 0:06:38]} 18. Bf2 {[%emt 0:03:08]} Bd8 {[%emt 0:00:49]} 19. Qg4 {[%emt 0:03:28]} Bd7 {[%emt 0:04:15]} 20. Qh5+ {[%emt 0:01:14]} Kf8 {[%emt 0:04:36]} 21. Bh3 {[%emt 0:00:05]} Bxh3 {[%emt 0:04:23]} 22. Rxh3 {[%emt 0:00:02]} Qc8 {[%emt 0:00:12]} 23. Rh2 {[%emt 0:02:29]} Qe6 {[%emt 0:00:56]} 24. Rg2 {[%emt 0:00:57]} g6 {[%emt 0:04:21]} 25. Qg4 {[%emt 0:00:18]} Qxg4 {[%emt 0:00:05]} 26. Rxg4 {[%emt 0:00:03]} Nc8 {[%emt 0:00:09]} 27. Rd3 {[%emt 0:11:10]} Kf7 {[%emt 0:00:29]} 28. Nd5 {[%emt 0:00:53]} Ne7 {[%emt 0:05:31]} 29. Nb6 {[%emt 0:02:49]} Bxb6 {[%emt 0:00:08]} 30. Bxb6 {[%emt 0:00:03]} Ke6 {[%emt 0:00:22]} 31. Rg1 {[%emt 0:00:26]} Rac8 {[%emt 0:01:15]} 32. Rgd1 {[%emt 0:01:56]} Rc6 {[%emt 0:00:07]} 33. Ba5 {[%emt 0:00:10]} h6 {[%emt 0:00:21]} 34. gxh6 {[%emt 0:02:04]} Rxh6 {[%emt 0:00:06]} 35. Be1 {[%emt 0:00:07]} Rh8 {[%emt 0:02:38]} 36. b3 {[%emt 0:02:42]} Rhc8 {[%emt 0:00:09]} 37. R1d2 {[%emt 0:00:12]} Rd8 {[%emt 0:01:59]} 38. Rg2 {[%emt 0:02:30]} Rh8 {[%emt 0:00:39]} 39. Kb2 {[%emt 0:00:45]} Rhc8 {[%emt 0:00:20]} 40. Bb4 {[%emt 0:00:00]} Rh8 {[%emt 0:00:00]} 41. Rg4 {[%emt 0:23:38]} Rh6 {[%emt 0:18:04]} 42. Rd1 {[%emt 0:01:44]} Rh8 {[%emt 0:00:30]} 43. Rd3 {[%emt 0:01:18]} Rhc8 {[%emt 0:00:22]} 44. Rg2 {[%emt 0:01:24]} Rh8 {[%emt 0:00:11]} 45. Rg4 1/2-1/2

[Event "11th Arad Open 2018"]
[Site "Arad"]
[Date "2018.08.06"]
[Round "3"]
[White "Zawadzka, Jolanta"]
[Black "Cosman, Andreea-Marioara"]
[Result "1-0"]
[WhiteElo "2435"]
[BlackElo "2175"]
[Annotator "TA"]
[PlyCount "88"]
[EventDate "2018.08.05"]
[EventType "swiss"]
[EventCountry "ROU"]
[SourceTitle "playchess.com"]
[Source "ChessBase"]
[SourceQuality "1"]

{[%evp 17,88,27,75,41,45,-18,2,-64,-23,-27,-38,-25,0,4,22,-8,-12,-16,23,32,33,15,66,37,33,34,40,39,72,27,33,8,46,39,36,13,43,45,44,68,81,45,53,38,77,69,71,76,100,100,97,96,135,126,123,131,159,145,159,157,165,165,158,158,314,314,503,504,504,479,1179,1164,6175]} 1. e4 c5 2. Nf3 d6 3. d4 cxd4 4. Nxd4 Nf6 5. Nc3 a6 6. h3 g6 7. g4 Bg7 8. Be3 {B90: Sicilian Najdorf: Unusual White 6th moves, 6 Be3 Ng4 and 6 Be3 e5} Nc6 (8... O-O 9. Qd2 b5 10. Bg2 Bb7 11. a3 Nbd7 12. g5 Nh5 13. Bf3 Ne5 14. Bxh5 gxh5 15. O-O-O Rc8 {0-1 (41) Xiong,J (2656)-Shankland,S (2717) Montevideo 2018}) 9. Qd2 Bd7 {LiveBook: 4 Games} 10. Bg2 {White is better.} Rc8 11. g5 $146 (11. Nde2 $14) ({Predecessor:} 11. Nde2 b5 12. a3 O-O 13. O-O Qc7 14. Rad1 Be6 15. b3 Qa5 16. f4 {0-1 (53) Zhou,Y (2419)-Smith,A (2484) Al Ain 2012}) 11... Nh5 $11 12. Nxc6 (12. Nde2 $11) 12... Bxc6 13. Bf3 Qa5 14. Bd4 Bxd4 15. Qxd4 e5 (15... Qe5 {looks sharper.} 16. Qxe5 dxe5 17. Bxh5 gxh5 18. h4 h6) 16. Qe3 Nf4 17. O-O-O Qc7 18. Kb1 Bd7 19. h4 b5 (19... Be6 $11) 20. Rd2 Be6 21. Ne2 Nxe2 22. Bxe2 Qa5 23. b3 Rc3 24. Rd3 (24. Bd3 {with more complications.} O-O 25. f4 Bc4 26. h5 exf4 27. Qxf4 Bxd3 28. cxd3 Qc7 29. h6) 24... Rc6 (24... Rxd3 {is more complex.} 25. Bxd3 Qc7 26. f4 exf4 27. Qxf4 Qc5) 25. h5 O-O 26. Bd1 Qc7 27. f4 exf4 28. Qxf4 {aiming for Qf6.} Qe7 29. Rd2 a5 30. Be2 Rc5 31. hxg6 (31. Qxd6 $6 Qxd6 32. Rxd6 Rxg5 $11) 31... fxg6 32. Qxd6 Qxd6 33. Rxd6 Re8 34. Rg1 Bf5 35. Bxb5 ({Much less strong is} 35. exf5 $6 Rxe2 36. Rd8+ (36. fxg6 Rcxc2 37. gxh7+ Kxh7 $11) 36... Kf7 $14) 35... Rxb5 36. exf5 Rxf5 $16 {[%mdl 4096] Endgame KRR-KRR} 37. Rd2 Ree5 {[#]} 38. Rdg2 $1 Rf3 39. Kb2 Kf7 40. Rh1 Ke6 $2 (40... Kg8 $16 41. Rd1 Rh3 42. Rd8+ Kf7) 41. Rxh7 $18 Kf5 $2 {[#]} (41... Rf7 {is a better defense.}) 42. Rf7+ {White is clearly winning.} Ke4 43. Rf6 Rxg5 (43... Rxf6 $142 44. gxf6 Rf5 45. Rxg6 Kd4 46. c3+ Ke4) 44. Re2+ ({Weaker is} 44. Rxg5 Rxf6 45. Rxa5 Kf4 $16) 44... Kd5 {Precision: White = 58%, Black = 24%.} 1-0

[Event "11th Arad Open 2018"]
[Site "Arad"]
[Date "2018.08.06"]
[Round "3"]
[White "David, Alexandru-Vasile"]
[Black "Pisu, Robert-Daniel"]
[Result "1-0"]
[WhiteElo "2421"]
[BlackElo "2282"]
[Annotator "TA"]
[PlyCount "67"]
[EventDate "2018.08.05"]
[EventType "swiss"]
[EventCountry "ROU"]
[SourceTitle "playchess.com"]
[Source "ChessBase"]
[SourceQuality "1"]

{[%evp 18,67,9,16,63,59,43,62,46,58,53,53,44,58,114,106,109,106,101,85,159,0,5,-29,-29,-24,-10,-10,-18,-31,0,0,5,6,62,-4,30,20,33,0,0,-3,-9,-8,19,24,46,41,324,324,407,432]} 1. d4 Nf6 2. c4 c5 3. d5 b5 4. cxb5 a6 5. Nc3 axb5 6. e4 b4 7. Nb5 d6 8. a4 {A57: Benko/Volga Gambit} bxa3 9. Rxa3 Rxa3 10. bxa3 {LiveBook: 5 Games. The position is equal.} g6 (10... e6 11. Qa4 Qd7 12. dxe6 fxe6 13. Nxd6+ Ke7 14. Nxc8+ Qxc8 15. e5 Nd5 {1-0 (36) Dubov,D (2661)-Ramirez,A (2549) Moscow 2017}) 11. Qa4 {[%cal Rb5d6]} Bd7 12. Qa7 {And now Nc7+ would win.} Bg7 13. Nc7+ Kf8 14. Bd3 $1 Ne8 15. Nxe8 Qxe8 (15... Bxe8 $14 16. Nf3 Nd7) 16. Ne2 $146 Bb5 17. Bxb5 Qxb5 {[#]} 18. O-O $1 f5 {[#]} (18... h6 $142) 19. Ng3 $2 ({White must play} 19. Bg5 $1 $16 Nd7 20. Nf4) 19... Kf7 $1 $11 20. exf5 {aiming for Ne4.} (20. Bg5 $5 {[%cal Ra7e7]} Qd7 21. Qb6 $14) 20... Qa6 $1 $36 {[%cal Ra6a7][%mdl 2048] Black has the initiative.} 21. fxg6+ hxg6 22. Qxa6 $1 Nxa6 23. Ne4 Rb8 24. Ng5+ Ke8 25. Ne6 Bb2 (25... Kf7 $11) 26. Bg5 ({Better is} 26. g4 $14) 26... Bxa3 27. Re1 Rb7 28. g4 {[%cal Bg2g4,Bg4g5][%mdl 32]} Bb2 29. Re3 Nb4 30. Rb3 Bf6 31. Bd2 {Threatens to win with g5.} Rb6 32. g5 Bh8 $2 {[%mdl 8192]} (32... Nxd5 $14 33. Rxb6 Nxb6) 33. Bxb4 $18 Rxb4 34. Rf3 {Precision: White = 64%, Black = 29%.} 1-0

[Event "11th Arad Open 2018"]
[Site "Arad"]
[Date "2018.08.06"]
[Round "3"]
[White "Petrisor, Adrian-Marian"]
[Black "Geher, Koppany"]
[Result "1-0"]
[WhiteElo "2416"]
[BlackElo "2137"]
[Annotator "TA"]
[PlyCount "53"]
[EventDate "2018.08.05"]
[EventType "swiss"]
[EventCountry "ROU"]
[SourceTitle "playchess.com"]
[Source "ChessBase"]
[SourceQuality "1"]

{[%evp 19,53,10,16,10,21,18,11,0,13,9,19,-15,21,15,28,25,28,27,18,21,16,24,42,31,27,31,171,181,209,208,206,202,557,557,504,557]} 1. e4 c5 2. Nf3 e6 3. d4 cxd4 4. Nxd4 Nc6 5. Nc3 Qc7 6. Be3 a6 7. Nxc6 Qxc6 {B48: Sizilianisch (Paulsen-Variante)} 8. Qd4 b5 9. a3 Bb7 10. Be2 Rc8 {LiveBook: 7 Partien} 11. O-O (11. f4 Nf6 12. Bf3 Bc5 13. Qxc5 Qxc5 14. Bxc5 Rxc5 15. O-O-O e5 16. fxe5 Rxe5 {½-½ (41) Barski,R (2432)-Gledura,B (2616) Budapest 2018}) 11... Nf6 {[%cal Rf6e4]} 12. Bf3 {Weiss will e5 spielen.} Bc5 13. Qd2 Bxe3 14. Qxe3 Qc5 15. Qf4 $146 ({Vorgänger:} 15. Rfe1 Qxe3 16. Rxe3 O-O 17. Rd1 {0-1 (54) Schweber,S-Marcussi,B Buenos Aires 1963}) 15... d6 (15... e5 $5 {[%cal Re5f4]} 16. Qf5 O-O $11) 16. Qg3 Qe5 17. Qxg7 Rg8 18. Qh6 Bxe4 19. Nxe4 Nxe4 20. Rfe1 $36 {[%mdl 2048] Weiss hat Initiative.} Qg5 21. Qxh7 Nd2 $1 {[%cal Rd2f3]} 22. Bb7 {[#] Und weiter mit h4 wäre nett.} Rc5 (22... d5 $1 $14 23. Bxd5 Kf8) 23. Re3 $18 Qg6 24. Qxg6 Rxg6 25. Bxa6 Rxc2 $2 {[#]} (25... Ke7 {ist eine bessere Chance.} 26. b4 Rcg5) 26. Bxb5+ Ke7 27. Bd3 $1 {[%csl LRc2,LRg6] Precision: Weiß = 74%, Schwarz = 50%.} 1-0

[Event "11th Arad Open 2018"]
[Site "Arad"]
[Date "2018.08.06"]
[Round "3"]
[White "Roubalik, Jakub"]
[Black "Vujacic, Borivoje"]
[Result "1-0"]
[WhiteElo "2402"]
[BlackElo "2235"]
[Annotator "NA"]
[PlyCount "69"]
[EventDate "2018.08.05"]
[EventType "swiss"]
[EventCountry "ROU"]
[SourceTitle "playchess.com"]
[Source "ChessBase"]
[SourceQuality "1"]
[TimeControl "40/5400+30:1800+30"]

1. d4 {[%emt 0:00:00]} Nf6 {[%emt 0:00:00]} 2. c4 {[%emt 0:00:00]} g6 {[%emt 0:00:21]} 3. Nc3 {[%emt 0:00:00]} d5 {[%emt 0:00:15]} 4. cxd5 {[%emt 0:00:00]} Nxd5 {[%emt 0:00:26]} 5. e4 {[%emt 0:00:05]} Nxc3 {[%emt 0:00:13]} 6. bxc3 {[%emt 0:00:04]} Bg7 {[%emt 0:00:05]} 7. Bc4 {[%emt 0:01:39]} c5 {[%emt 0:00:09]} 8. Ne2 {[%emt 0:00:11]} O-O {[%emt 0:02:33]} 9. O-O {[%emt 0:00:29]} Nc6 {[%emt 0:00:04]} 10. Be3 {[%emt 0:00:06]} Qc7 {[%emt 0:00:12]} 11. Rc1 {[%emt 0:01:31]} b6 {[%emt 0:05:12]} 12. Qd2 {[%emt 0:01:36]} Na5 {[%emt 0:07:20]} 13. Bd3 {[%emt 0:00:38]} c4 {[%emt 0:00:57]} 14. Bc2 {[%emt 0:00:49]} e5 {[%emt 0:03:36]} 15. Bh6 {[%emt 0:06:35]} Nb7 {[%emt 0:15:04]} 16. Bxg7 {[%emt 0:01:22]} Kxg7 {[%emt 0:00:07]} 17. f4 {[%emt 0:02:15]} exf4 {[%emt 0:05:24]} 18. Nxf4 {[%emt 0:02:02]} f6 {[%emt 0:09:15]} 19. e5 {[%emt 0:05:56]} f5 {[%emt 0:03:05]} 20. Nd5 {[%emt 0:01:15]} Qd8 {[%emt 0:01:14]} 21. Nf6 {[%emt 0:03:53]} Nd6 {[%emt 0:05:16]} 22. Rf3 {[%emt 0:17:10]} Nf7 {[%emt 0:08:01]} 23. Rh3 {[%emt 0:04:44]} h6 {[%emt 0:03:19]} 24. Qf4 {[%emt 0:06:55]} Bb7 {[%emt 0:06:55]} 25. Rg3 {[%emt 0:06:08]} Bc8 {[%emt 0:05:59]} 26. Bxf5 {[%emt 0:09:32]} Bxf5 {[%emt 0:01:51]} 27. Qxf5 {[%emt 0:00:16]} Ng5 {[%emt 0:00:17]} 28. Qf4 {[%emt 0:01:07]} Rf7 {[%emt 0:05:06]} 29. h4 {[%emt 0:01:20]} Ne6 {[%emt 0:00:13]} 30. Nh5+ {[%emt 0:02:05]} Kf8 {[%emt 0:01:27]} 31. Qxh6+ {[%emt 0:00:06]} Ke7 {[%emt 0:00:30]} 32. Rxg6 {[%emt 0:00:54]} Qd5 {[%emt 0:00:24]} 33. Nf6 {[%emt 0:00:58]} Qb7 {[%emt 0:01:49]} 34. d5 {[%emt 0:01:40]} Nf8 {[%emt 0:00:13]} 35. Rg7 {[%emt 0:01:13]} 1-0

[Event "11th Arad Open 2018"]
[Site "Arad"]
[Date "2018.08.06"]
[Round "3"]
[White "Macovei, Andrei"]
[Black "Olariu, Luca-Stefan"]
[Result "1-0"]
[WhiteElo "2394"]
[BlackElo "2019"]
[Annotator "NA"]
[PlyCount "117"]
[EventDate "2018.08.05"]
[EventType "swiss"]
[EventCountry "ROU"]
[SourceTitle "playchess.com"]
[Source "ChessBase"]
[SourceQuality "1"]
[TimeControl "40/5400+30:1800+30"]

1. e4 {[%emt 0:01:01]} c5 {[%emt 0:00:00]} 2. Nf3 {[%emt 0:00:01]} Nc6 {[%emt 0:00:00]} 3. Bb5 {[%emt 0:00:59]} g6 {[%emt 0:01:23]} 4. Bxc6 {[%emt 0:00:05]} dxc6 {[%emt 0:00:08]} 5. h3 {[%emt 0:00:16]} Bg7 {[%emt 0:00:09]} 6. d3 {[%emt 0:00:14]} e5 {[%emt 0:00:32]} 7. Nbd2 {[%emt 0:02:25]} Ne7 {[%emt 0:06:01]} 8. Nc4 {[%emt 0:02:37]} Qc7 {[%emt 0:00:43]} 9. Be3 {[%emt 0:01:45]} b6 {[%emt 0:00:11]} 10. O-O {[%emt 0:04:06]} Be6 {[%emt 0:01:19]} 11. a3 {[%emt 0:09:34]} O-O 12. b4 cxb4 {[%emt 0:06:57]} 13. axb4 {[%emt 0:00:32]} Rad8 {[%emt 0:02:25]} 14. Qe2 {[%emt 0:02:41]} h6 {[%emt 0:10:34]} 15. Bd2 {[%emt 0:13:06]} Bxc4 {[%emt 0:10:16]} 16. dxc4 {[%emt 0:00:31]} f5 {[%emt 0:00:39]} 17. Rad1 {[%emt 0:05:00]} Kh7 {[%emt 0:07:16]} 18. Rfe1 {[%emt 0:01:50]} Rde8 {[%emt 0:07:56]} 19. Be3 {[%emt 0:11:33]} fxe4 {[%emt 0:03:14]} 20. Nd2 {[%emt 0:00:19]} Nf5 {[%emt 0:01:49]} 21. Nxe4 {[%emt 0:01:01]} Nd4 {[%emt 0:02:39]} 22. Qg4 {[%emt 0:02:53]} Rd8 {[%emt 0:04:43]} 23. Rd2 {[%emt 0:02:17]} Nf5 {[%emt 0:01:04]} 24. c3 {[%emt 0:03:41]} Qf7 {[%emt 0:02:57]} 25. Bg5 {[%emt 0:11:05]} Rxd2 {[%emt 0:00:49]} 26. Bxd2 {[%emt 0:00:02]} Nd6 {[%emt 0:02:18]} 27. Be3 {[%emt 0:12:04]} Nxc4 {[%emt 0:09:27]} 28. Qh4 {[%emt 0:02:37]} Qd5 {[%emt 0:01:05]} 29. Bg5 {[%emt 0:00:06]} Nd6 {[%emt 0:04:15]} 30. c4 {[%emt 0:07:59]} Qd3 {[%emt 0:05:56]} 31. Nxd6 {[%emt 0:01:09]} Qxd6 {[%emt 0:00:16]} 32. c5 {[%emt 0:01:20]} bxc5 {[%emt 0:01:56]} 33. bxc5 {[%emt 0:00:01]} Qd4 {[%emt 0:03:01]} 34. Re4 {[%emt 0:00:49]} Qxc5 {[%emt 0:00:51]} 35. Be3 {[%emt 0:00:30]} Qd5 {[%emt 0:00:15]} 36. Rc4 {[%emt 0:00:40]} a6 {[%emt 0:02:39]} 37. Rc5 {[%emt 0:00:05]} Qd7 {[%emt 0:01:12]} 38. Qc4 {[%emt 0:00:10]} Rf6 {[%emt 0:01:02]} 39. Qxa6 {[%emt 0:00:05]} Qd1+ {[%emt 0:00:24]} 40. Kh2 {[%emt 0:00:38]} Qd6 {[%emt 0:00:22]} 41. Rc1 {[%emt 0:15:45]} e4+ {[%emt 0:15:52]} 42. Kg1 {[%emt 0:01:04]} Re6 {[%emt 0:00:21]} 43. Qa4 {[%emt 0:00:37]} Qd5 {[%emt 0:01:12]} 44. Rd1 {[%emt 0:00:39]} Qe5 {[%emt 0:06:51]} 45. Qb4 {[%emt 0:02:17]} Qc7 {[%emt 0:00:57]} 46. Rd2 {[%emt 0:01:33]} Qe7 {[%emt 0:02:47]} 47. Bc5 {[%emt 0:01:58]} Qf7 {[%emt 0:00:20]} 48. Be3 {[%emt 0:03:15]} Re8 {[%emt 0:01:38]} 49. Qd6 {[%emt 0:02:50]} Qe6 {[%emt 0:01:25]} 50. Qc7 {[%emt 0:03:29]} Re7 {[%emt 0:00:21]} 51. Qd8 {[%emt 0:00:20]} Re8 {[%emt 0:00:11]} 52. Qc7 {[%emt 0:00:47]} Re7 {[%emt 0:00:30]} 53. Qd8 {[%emt 0:01:27]} Re8 {[%emt 0:00:32]} 54. Qa5 {[%emt 0:01:00]} Re7 {[%emt 0:01:57]} 55. Qb4 {[%emt 0:00:26]} Re8 {[%emt 0:02:39]} 56. Rd6 {[%emt 0:01:45]} Qc8 {[%emt 0:01:04]} 57. Qc4 {[%emt 0:00:53]} c5 {[%emt 0:00:28]} 58. Qf7 {[%emt 0:00:30]} Qb8 {[%emt 0:00:34]} 59. Rxg6 {[%emt 0:00:29]} 1-0

[Event "11th Arad Open 2018"]
[Site "Arad"]
[Date "2018.08.06"]
[Round "3"]
[White "Soltanici, Ruslan"]
[Black "Georgiev, Kiril"]
[Result "1/2-1/2"]
[WhiteElo "2383"]
[BlackElo "2593"]
[Annotator "TA"]
[PlyCount "83"]
[EventDate "2018.08.05"]
[EventType "swiss"]
[EventCountry "ROU"]
[SourceTitle "playchess.com"]
[Source "ChessBase"]
[SourceQuality "1"]

{[%evp 22,83,45,43,53,39,52,47,45,47,57,62,74,64,68,64,56,69,62,62,72,60,54,65,72,76,69,66,65,62,69,66,84,71,91,88,88,85,97,47,80,15,9,12,6,0,0,0,0,0,303,292,290,113,398,389,370,108,108,108,108,110,107,89]} 1. e4 e5 2. Nf3 Nc6 3. Bb5 a6 4. Ba4 Nf6 5. O-O Be7 6. Re1 b5 7. Bb3 d6 8. c3 O-O 9. h3 Nb8 {[%cal Bc6b8,Bb8d7,Bd7c5][%mdl 32]} 10. d3 {[%cal Bd2d3,Bd3d4][%mdl 32]} Nbd7 11. Nbd2 Nc5 {C94: Closed Ruy Lopez: Breyer Variation with 10 d3} (11... Bb7 12. Nf1 Nc5 13. Bc2 Re8 14. Ng3 Bf8 15. b4 Ncd7 16. a4 h6 17. d4 d5 18. dxe5 Nxe4 19. axb5 axb5 20. Rxa8 Bxa8 21. Bf4 c5 22. bxc5 Bxc5 23. Be3 Nxc3 {½-½ (41) Vidit,S (2707)-Yu,Y (2760) Liaocheng 2018}) 12. Bc2 {LiveBook: 15 Games} Bb7 13. d4 Ncd7 {White is slightly better.} 14. a4 c5 15. b3 $146 ({Predecessor:} 15. Nf1 Re8 16. Ng3 g6 17. Bh6 Bf8 18. Qd2 Qe7 19. Bg5 Bg7 20. Rad1 Rad8 21. Nh2 Qf8 22. Ng4 h5 23. Nxf6+ Bxf6 24. h4 Qe7 {½-½ (22) Zolnierowicz,K (2301)-Sroka,J (2183) Wysowa 2003}) 15... Re8 16. d5 Qc7 17. Bd3 c4 18. bxc4 Nc5 19. Bc2 bxc4 20. a5 Rec8 21. Ba3 Qxa5 22. Bb4 Qd8 23. Ba5 Qf8 24. Qe2 Bd8 25. Nxc4 Bxa5 26. Nxa5 Rab8 27. Nd2 Qd8 28. Reb1 Ba8 29. Rb4 Nfd7 30. Bd3 Qc7 31. Bxa6 (31. Qf3 $16) 31... Nxa6 $11 32. Qxa6 {[#] Nac4 is the strong threat.} Qxc3 33. Nc6 $36 {[%mdl 2048] White is pushing.} Bxc6 34. Rxb8 Rxb8 35. dxc6 Nf8 $2 {[%mdl 8192]} (35... Nc5 $11 36. Qa2 Rf8) 36. Nc4 {Black must now prevent c7.} Ne6 37. Nxd6 $2 (37. Ne3 $18 {has better winning chances.}) 37... Qd4 $2 {[%mdl 8192]} (37... g6 $16) 38. Nf5 $18 Qc5 {[#]} 39. Qa7 $2 (39. Qb7 $3 $18 {[%mdl 512] and White stays clearly on top.} Rf8 (39... Rxb7 40. cxb7) 40. Ne7+ Kh8 41. Nd5) 39... Rb1+ $16 {White is better.} 40. Kh2 {Qxc5 would kill now.} Rxa1 41. Qxa1 h6 42. Qa8+ {Precision: White = 60%, Black = 62%.} 1/2-1/2